00690 2200241 4500001002100000005001500021008004100036035002000077082000800097084001400105100001500119245004300134250000600177260003200183300001200215520015100227650001000378990001200388990001200400990001200412990001200424990001200436INLIS00000000000009020240711093111240711 1 ind  a0010-0424000066 a813 a813 TER b aLiye, Tere1 aBidadari - Bidadari Surga /cTere Liye a1 aJakarta :bRepublika,c2008 a363 hlm aNovel ini tentang kasih sayang keluarga, tentang pengorbanan seorang kakak. Kapan terakhir kali kita memeluk adik-adik kita dan berlinang air mata 4aFiksi a0732571 a0732572 a0732573 a0732574 a0732575